Statistics for Two Letter U.S. State Abbreviations

Click here to take the quiz!

General Stats

  • This quiz has been taken 532,446 times
    (532,383 since last reset)
  • The average score is 21 of 50

Answer Stats

StateAbbv.% Correct
AlabamaAL
98%
ArizonaAZ
96%
CaliforniaCA
96%
AlaskaAK
95%
ColoradoCO
95%
ArkansasAR
93%
FloridaFL
93%
DelawareDE
92%
ConnecticutCT
91%
GeorgiaGA
87%
HawaiiHI
87%
IdahoID
86%
IllinoisIL
85%
IndianaIN
84%
IowaIA
78%
KansasKS
75%
KentuckyKY
65%
LouisianaLA
58%
MaineME
52%
MarylandMD
43%
MassachusettsMA
41%
MichiganMI
38%
MinnesotaMN
35%
MississippiMS
32%
MissouriMO
27%
MontanaMT
23%
NebraskaNE
21%
NevadaNV
20%
New HampshireNH
18%
New JerseyNJ
17%
New MexicoNM
16%
New YorkNY
16%
North CarolinaNC
15%
North DakotaND
14%
OhioOH
13%
OklahomaOK
12%
OregonOR
12%
Rhode IslandRI
10%
PennsylvaniaPA
10%
South CarolinaSC
9%
South DakotaSD
9%
TennesseeTN
8%
TexasTX
8%
UtahUT
7%
VermontVT
6%
VirginiaVA
5%
WashingtonWA
5%
West VirginiaWV
5%
WisconsinWI
4%
WyomingWY
4%

Score Distribution

Percentile by Number Answered

Percent of People with Each Score

Your Score History

You have not taken this quiz since the last reset